| 000 | 00465nam a2200157Ia 4500 | ||
|---|---|---|---|
| 008 | 210716s2009 xx 000 0 und d | ||
| 020 | _a9780070091245 | ||
| 041 | _aeng | ||
| 082 | _a658.152 ROSS | ||
| 100 | _aRoss, Stephen A;Westerfield Randolph W;Jaffe, Jeffrey;Kakani, Ram Kumar. | ||
| 245 | _aCorporate finance. | ||
| 250 | _a8 | ||
| 260 |
_aNew Delhi _bTata McGraw Hill Publishing Company Ltd _c2009 |
||
| 300 | _axxxiv,1105 | ||
| 650 | _aCorporate Finance | ||
| 999 |
_c205942 _d205942 |
||